| 000 | 01506cam a22004215a 4500 | ||
|---|---|---|---|
| 001 | 19484973 | ||
| 003 | GBCCL | ||
| 005 | 20241126110344.0 | ||
| 008 | 161020s2016 ii 000 0 eng d | ||
| 010 | _a 2016362548 | ||
| 020 | _a9789351481560 | ||
| 020 | _a9351481565 | ||
| 025 | _aI-E-2016362548 ; 13-91 | ||
| 035 | _a(OCoLC)ocn960955355 | ||
| 035 |
_a(OCoLC)960955355 _z(OCoLC)960836092 |
||
| 037 | _bLibrary of Congress -- New Delhi Overseas Office | ||
| 040 |
_aMR4 _cMR4 _dOCLCF _dOCLCO _dYDX _dDKAGE _dDLC |
||
| 042 |
_alccopycat _alcode |
||
| 050 | 4 |
_aBV2061.3 _bE447 2016 |
|
| 082 | 0 | 4 |
_a266 _223 _bEME |
| 245 | 0 | 4 |
_aThe emerging challenges to Christian mission today : _brevisioning mission from religious, cultural, historical & women perspectives / _cedited by S.M. Michael & Jose Joseph. |
| 264 | 1 |
_aNew Delhi : _bChristian World Imprints, _c2016 |
|
| 264 | 4 | _c©2016 | |
| 300 |
_aix, 296 pages ; _c24 cm. |
||
| 336 |
_atext _btxt _2rdacontent |
||
| 337 |
_aunmediated _bn _2rdamedia |
||
| 338 |
_avolume _bnc _2rdacarrier |
||
| 650 | 0 |
_aMissions. _9885 |
|
| 650 | 0 |
_aChristianity and other religions. _912 |
|
| 650 | 0 |
_aChristianity and culture. _9886 |
|
| 650 | 0 |
_aSalvation _xChristianity. _9887 |
|
| 650 | 0 |
_aConversion _xChristianity. _9888 |
|
| 700 | 1 |
_aMichael, S. M. _q(Sebastian Maria), _d1950- _eeditor. _9889 |
|
| 700 | 1 |
_aJoseph, Jose, _eeditior. _9890 |
|
| 906 |
_a7 _bpar _ccopycat _d3 _encip _f20 _gy-gencatlg |
||
| 942 |
_2ddc _cBK _021 |
||
| 999 |
_c715 _d715 |
||